| 000 | 02130cam a22005054i 4500 | ||
|---|---|---|---|
| 003 | PE-LiUPU | ||
| 005 | 20250731173538.0 | ||
| 008 | 150623s r 000 0 d | ||
| 020 | _a0802841619 | ||
| 035 | _a(Sirsi) i9780802841612 | ||
| 040 |
_aPE-LiUPU _bspa _cPE-LiUPU _erda |
||
| 049 | _aPRUA | ||
| 082 | 0 | 4 |
_a296.0901 _bT839 _223 |
| 245 | 0 | 4 |
_aThe triumph of Elohim : _bfrom Yahwisms to Judaisms / _cDiana Vikander Edelman, Editor. |
| 250 | _a2 | ||
| 264 | 1 |
_aMichigan : _bWilliam B. Eerdmans Publishing Company, _c1996. |
|
| 300 |
_a262 páginas ; _c23 centímetros. |
||
| 336 |
_atext _2rdacontent |
||
| 337 |
_aunmediated _2rdamedia |
||
| 338 |
_avolume _2rdacarrier |
||
| 504 | _aIncluye bibliografía. | ||
| 505 | 0 | _aThe appearance of pantheon in Juda. -The rise of Yhwh in Judahite and Israelite Religion: Methodological and Religio-Historical aspects. -The aniconic tradition: on reading images and viewing texts. -The intellectual matrix of early biblical narrative: inclusive monotheism in persian period Palestine. -The temple of at elephantine and Persian religious policy. -Scenes from the early history of Judaism. -Tracking observance of the aniconic tradition throuhg numismatics. | |
| 526 | _aSEG42 | ||
| 526 | _aSEG41 | ||
| 526 | _aSEG40 | ||
| 526 | _aSEG39 | ||
| 526 | _aP94 | ||
| 526 | _aP87 | ||
| 526 | _aP86 | ||
| 526 | _aP85 | ||
| 526 | _aP77 | ||
| 526 | _aP76 | ||
| 526 | _aP35 | ||
| 630 |
_aBiblia. _xTeología. _96082 |
||
| 650 | 0 | 4 |
_aDios (Judaísmo) _xHistoria de las doctrinas. |
| 650 | 0 | 4 |
_aDios _xEnseñanza Bíblica. |
| 650 | 0 | 4 |
_aJudaísmo _xHistoria _yPeríodo post-exilio, 586 aC-210 dC. |
| 650 | 0 | 4 |
_aMonoteísmo _zOriente cercano _xHistoria. |
| 700 | 1 |
_aVikander Edelman, Diana, _eed. |
|
| 942 |
_2ddc _cBK _n0 |
||
| 949 |
_a296.0901 T839 _wDEWEY _c1 _i44704 _lCCODEBUL1 _mBUL _r0 _sY _tBOOK _u2015-6-24 _xTEOLOGIA _0COMPRA _o.STAFF. Colección General |
||
| 949 |
_wDEWEY _c1 _i42520 _lCCODEBUL1 _mBUL _r0 _sY _tBOOK _u2015-6-16 _xTEOLOGIA _zUNKNOWN _0COMPRA _o.STAFF. Colección General |
||
| 980 |
_81 _gALBERTO SANCHEZ Responsable de Automatización |
||
| 999 |
_c60353 _d60353 |
||